000 01008nam a22002657a 4500
001 79369
003 BD-RjUL
005 20220510122045.0
008 220214s2008 bg a|||| m||| 00| 0 eng d
035 _a(BD-RjUL)79369
040 _aBD-RjUL
_beng
_cBD-RjUL
_dBD-RjUL
041 _aeng
082 _223
_a304.63095492
_bISC 2008
100 _aIslam, Md. Roshidul
_91305
245 1 0 _aCovariates of Early Childbearing In Bangladesh /
_cMd. Roshidul Islam, ;
_6Supervisor: Md. Nurul Islam ; Co - Supervisor : Samad Abedin
260 _aRajshahi :
_bDepartment of Statistics, University of Rajshahi,
_c2008
300 _axvii, 166 leaves :
_bill, ;
_c29 cm.
502 _aThesis (Ph. D.) -- Department of Statistics, University of Rajshahi, 2008
504 _aReferences : Leaves 136 - 165
650 _aFertility, Human
_zBangladesh
_92889
650 _aChildbirth
_zBangladesh
_92890
700 _aIslam, Md. Nurul, Supervisor
_91185
700 _aAbedin, Samad. Co - Supervisor
_91307
942 _2ddc
_cTHE
999 _c79369
_d79369